00946cam a22002775i 450000100090000000300040000900500170001300800410003001000170007102000180008803800120010604000230011804200080014108200160014910000280016524500370019330000580023049000510028850400580033956300140039770000510041190600450046294200120050799900170051995201320053618145372OSt20210923161731.0140509t20132013waua b 101 0 eng  a 2014395079 a9781441961686 akhadija aDLCbengerdacDLC apcc a610.28bCAR aCarrara, Sandro.95607300aNano-Bio-SensingcSandro Carrara a1 volume (various pagings) :billustrations ;c28 cm.0 aProceedings of SPIE,x0277-786X ;vvolume 8879 aIncludes bibliographical references and author index. ahardcover1 aKang, Shin Won,eeditor of compilation.982681 a0bibccorignewd2encipf20gy-gencatlg 2ddccBK c32961d32961 00102ddc4070aSMMEbSMMEcGENd2015-12-15l1o610.28 CARpSMME-1886r2024-10-22s2024-02-20w2015-12-15yBKzRack,46-Shelf,3